Capital Cities With Metro Systems - Statistics

General Stats
  • This quiz has been taken 263 times
  • The average score is 35 of 51
Answer Stats
Opened Stations City % Correct
1890 270 London
98%
1900 302 Paris
98%
1935 238 Moscow
95%
1927 142 Tokyo
95%
1902 173 Berlin
93%
1919 242 Madrid
93%
1976 91 Washington D.C.
92%
1971 326 Beijing
90%
1955 73 Rome
90%
1969 163 Mexico City
87%
1959 56 Lisbon
85%
1950 100 Stockholm
84%
2002 229 New Delhi
83%
1966 101 Oslo
82%
1974 333 Seoul
81%
1926 90 Buenos Aires
80%
1904 64 Athens
79%
2001 25 Brasilia
78%
1976 98 Vienna
78%
1995 33 Warsaw
78%
1977 39 Amsterdam
77%
1982 25 Helsinki
77%
1987 65 Cairo
76%
1976 59 Brussels
75%
1896 48 Budapest
73%
2002 39 Copenhagen
71%
1997 56 Ankara
70%
1979 53 Bucharest
70%
1960 52 Kiev
70%
1974 58 Prague
68%
2019 13 Jakarta
67%
1975 136 Santiago
66%
2011 26 Lima
63%
2004 53 Bangkok
61%
1987 122 Singapore
60%
1984 29 Minsk
59%
1998 43 Sofia
59%
1996 104 Kuala Lumpur
55%
1999 114 Tehran
55%
1983 52 Caracas
52%
1984 31 Manila
51%
1973 17 Pyongyang
45%
1996 119 Taipei
45%
2011 19 Algiers
39%
2014 29 Panama City
37%
1967 25 Baku
32%
2019 36 Doha
30%
1977 29 Tashkent
29%
1966 23 Tbilisi
27%
1981 10 Yerevan
27%
2009 34 Santo Domingo
23%
No matching quizzes found
Score Distribution
Percent of People with Each Score
Percentile by Number Answered
Your Score History
You have not taken this quiz